000 01284nam a2200313 i 4500
003 EG-GICUC
005 20260402154055.0
008 260402s1977 it ||||fr|||| 00| 0 ita d
040 _a EG-GICUC
_bita
_c EG-GICUC
_d EG-GICUC
_erda
041 _aita
082 0 4 _221
_a343.9
_bIS . A
092 0 4 _221
099 _aLaw1 10 343.9 IS . A 1977
111 2 _aIstituto Superiore Internazionale di Scienze Criminali
_dSiracusa 13-17 December 1976.
_eAuthor.
245 1 0 _aAtti della conferenza internazionale :
_binsegnamento, ricerca e formazione professionale nel campo della giustizia penale /
_cIstituto Superiore Internazionale di Scienze Criminali.
264 1 _aSiracusa Italy :
_bMarchese,
_c1977.
300 _a366 pages ;
_c24 cm.
336 _2rda content
_atext
337 _2rda media
_aComputer
338 _2rda carrier
_aOnline Resource
500 _aInstitut Supérieur International de Sciences Criminelles International Institute of Higher Studies in Criminal Sciences.
546 _aمتعدد اللغات
_ba Text in Italian and English
650 1 _aCriminal law
650 1 _aCriminal justice
650 1 _aOther subjects in criminal science
856 4 0 _uhttps://fll.law.cu.edu.eg/fulltext/conf/B10-08237.pdf
905 _a43
942 _2ddc
_n0
_cBK
_e21
999 _c68451
_d68451